MDQL
is popping MORE tags! Check the
thread
!
Quizzes
Events
Quiz Creation
Community
Videos
Private Events
Remove Ads
Sign In
Join for FREE
Feedback
Dark Mode
Quiz Categories
Sports
Geography
Music
Movies
Television
Just For Fun
Miscellaneous
History
Literature
Language
Science
Gaming
Entertainment
Religion
Holiday
For Kids
Quiz Lab
Recent
Popular Today
Quiz Kudos Today
Editor Picks
Curator Picks
Quizzes by...
Day
Popularity
Type
Ratings
Length
Year
Community
Subscriptions
Recent Discussions
Orange Saloon
Badges
Playlists
Quests
Create
Leaderboards
Showdown
Live 5
Trivia Bingo
Activity
Puzzle Library
Sporcle Events
Private Events
Virtual Trivia
Globe League
Become a Host
Pub Owners
SporcleCon
Opinionation
Our Games
Videos
Blog
Mobile Apps
Partnerships
Remove Ads and Go Orange
Feedback
Entertainment
Celebrity
Famous
Musical
Broadway
Show
Quote
Comic Books
Anime
Superhero
DC Comics
Marvel
Cartoons
Animation
Entertainment
Celebrity
Famous
Musical
Broadway
Show
Quote
Comic Books
Anime
Superhero
DC Comics
Marvel
Cartoons
Animation
Random Quiz
Search Sporcle
×
Quiz Lab
Quiz Lab
Entertainment
Anime
Type in answers that appear in a list
Type in answers that appear in a list
Classic
Best Score? Go Orange.
Name the Mecha Anime Stats
Can you name the Opening?
By
Bonehimer
8m
27 Questions
611 Plays
611 Plays
611 Plays
Comments
Comments
Give Quiz Kudos
Give Quiz Kudos
-
- Ratings
hide this ad
Replay
Link that replays current quiz
Next Quiz
Link to next quiz in quiz playlist
You Got
0%
They Got
Avg Score
35%
Avg Friend Score
Upgrade to see
Score Distribution
Jump to the score distribution portion of the page
Score
0/27
Timer
08:00
0
Plays Today
Time
Anime
% Correct
4:19 -
4:39
Turn A Gundam
84.8%
1:11 -
1:23
gundam
84%
0:00 -
0:08
Gigantor
69.4%
0:38 -
0:49
Combattler V
64%
4:39 -
5:01
Big O
61%
0:19 -
0:28
Getter Robo
58.8%
0:08 -
0:19
Tranzor Z
58.6%
6:39 -
6:99.99
Shin Tranzor Z
55.3%
1:23 -
1:43
space runaway ideon
41.4%
2:38 -
2:51
Aura Battler Dunbine
40.3%
4:19 -
4:29
Zoids
38.6%
0:49 -
1:03
Zambot 3
34.7%
5:20 -
5:42
Godannar
33.4%
1:43 -
1:56
Robotech
31.8%
Time
Anime
% Correct
5:48 -
6:06
Tetsujin 28
29.6%
5:01 -
5:20
Overman King Gainer
28.5%
1:03 -
1:11
Daitarn 3
27.2%
1:56 -
2:09
Golion
26.4%
3:42 -
3:55
Dangaioh
18.8%
2:09 -
2:38
Vifam
18.3%
4:07 -
4:19
Gekiganger 3
17%
6:25 -
6:39
Kotetsushin Jeeg
16.7%
5:42 -
5:48
Immortal Grand Prix IGPX
14.6%
0:28 -
0:38
Rahxephon
6.4%
6:06 -
6:25
Tengen Toppa Gurren Lagann
4.7%
2:51 -
3:42
ma-ma-ma-ma-ma-Macron one
3.6%
3:55 -
4:07
Gao Gao Stegosaurus
2.6%
Quiz Playlist
Details
Report
Send in Message
Add To Playlist
Classic:
Type in answers that appear in a list
Last Updated: Feb 16, 2017
Quiz Scoreboard
CHALLENGE
Sign Up to Join the Scoreboard
Show All
Scores
Hide
Comments
May contain spoilers
Recently Published
Image Sorting: Flags VI
by Barbecue
Geography
2m
Find the 'City' Movie
by crazypaving
Movies
60s
Colored Red Africa Blitz
by spor1
Geography
45s
More to Explore
Quiz From the Vault
Featured Blog Post
14 Easter Pick-up Lines to Find Eggs With
hide this ad
You Might Also Like...
Tags
Anime Quiz
anagrams
Anime Characters
Anime Series
mecha
robot
Robot Wars
Today's Top Quizzes in Entertainment
Browse Entertainment
hide this ad
Today's Top Quizzes in Anime
Browse Anime
Top Contributed Quizzes in Entertainment
1
Marvel Classic Character Map
2
Dragon Ball Z: Goku's Fights in Order
3
Marvel Characters Bunker
4
JoJo's Bizarre Logic Quiz
5
This is Your Life: Edward Elric
6
Celebrity Spelling Bee
7
This is Your Life: Itachi Uchiha
8
BOYS PLANET Quiz
9
Sorting Pictures: Villains
10
One Piece Heroines Chapter Cover
Explore More
Trending Topics
Crossword
Disney
NBA
Harry Potter
Kpop
Marvel
Anime
Country
Song
Puzzle
Pokémon
WWE
NFL
The Office
Soccer
hide this ad
More By:
Bonehimer
Quiz
Plays
Rating
Category
Featured
Created
Name the Mecha Anime
611
1.06
Entertainment
Sep 26, 2010
Go to Creator's Profile
Score Distribution
Quiz Creator Spotlight
Bonehimer
Follow
Send a Message
Quizzes Created
-
Created Quiz Play Count
-
More By This Creator
Popular Quizzes Today
1
Colored Red Africa Blitz
2
Find the US States - No Outlines Minefield
3
Find the 'City' Movie
4
5x2 Blitz: Bands
5
The Countries of the World
6
Find the US States
7
Find the Countries of Europe - No Outlines Minefield
8
US States
More Entertainment Quizzes
On-screen construction workers
Quiz Lab
Trending Quizzes
Colored Red Europe Blitz I
Colored Red Europe Blitz II
Colored Red Africa Blitz II
Colored Red Europe Blitz III
Colored Red Africa Blitz III
Recently Updated
How Do You Spell That?
pecheneg
Godzilla Movies
pecheneg
Grab Bag: 4-10 Letters
pecheneg
2024 March Madness Bracket
pecheneg
Famous TV Couples
Peacemaker
Champions League XIs: Real Madrid
pecheneg
Largest US Cities 1790-2010
pecheneg
Rides in Walt Disney World
pecheneg
Most Oscar Losses (Acting)
pecheneg
Beyoncé Albums
pecheneg
Trending Topics
Marvel
Harry Potter
Anime
NBA
Kpop
Crossword
Disney
Pokémon
Country
Puzzle
The Office
WWE
Song
NFL
Soccer
Your Account Isn't Verified!
In order to create a playlist on Sporcle, you need to verify the email address you used during registration. Go to your
Sporcle Settings
to finish the process.
Report this User
Report this user for behavior that violates our
Community Guidelines
.
Details:
Send Report
Go to the Sporcle.com Mobile Site →
Comments